{"text_format":"3","workbook":"xlsx","n_sheets":1,"sheets":["Sheet1"],"read":"whole","date_system":"1900"}

{"sheet":"Sheet1","index":0,"n_rows":22,"n_cols":10,"rows_kept":22,"merged":[[0,0,0,9],[16,0,16,4],[16,7,16,9],[17,0,17,9],[18,0,18,9]]}
["2025年“F”项目商品混凝土采购清单及报价表"]
["序号",null,"型号","数量","单位","全费用单价限价（元）","合计（元）","供应商所报单价（元）","合价（元）","备注"]
[1,"商品混凝土","C15",{"v":17,"d":"17.00"},"m3",300,{"$f":"D3*F3","v":5100}]
[2,"商品混凝土","C20",{"v":7093,"d":"7093.00"},"m3",310,{"$f":"D4*F4","v":2198830}]
[3,"商品混凝土","C25",{"v":5258,"d":"5258.00"},"m3",320,1682560]
[4,"商品混凝土","C30",{"v":5341,"d":"5341.00"},"m3",330,1762530]
[5,"商品混凝土","C35",{"v":1451,"d":"1451.00"},"m3",340,493340]
[6,"商品混凝土","C40",{"v":16,"d":"16.00"},"m3",360,5760]
[7,"商品混凝土","C40细石",{"v":8,"d":"8.00"},"m3",380,3040]
[8,"商品混凝土","C50",{"v":1774,"d":"1774.00"},"m3",410,727340]
[9,"商品混凝土","C50P8",{"v":38,"d":"38.00"},"m3",440,16720]
[10,"商品混凝土","C50聚丙烯纤维混凝土",{"v":12,"d":"12.00"},"m3",440,5280]
[11,"汽车泵","52米",{"v":14014,"d":"14014.00"},"m3",26,364364,null,null,"根据现场需求供应，桥、箱涵、卫生间、架空栈道、格构梁护坡、挡墙等"]
[12,"润泵剂",null,{"v":100,"d":"100.00"},"次",100,{"$f":"F14*D14","v":10000}]
[13,"润管砂浆",null,{"v":100,"d":"100.00"},"m3",300,{"$f":"F15*D15","v":30000}]
[14,"超时费",null,{"v":100,"d":"100.00"},"小时",180,{"$f":"F16*D16","v":18000}]
[{"$nulls":5},"合计",{"$f":"SUM(G3:G16)","v":7322864}]
["合  计      （开具发票税率：   13    %）"]
["备注：                                                                                                                                                                      1、以上价格为含税到场（指定地点）综合包干价，含买价、运费、运输损耗、换车型造成的二次转运费、利润、各种风险费用、税金等全部费用                                                                      \n2、要求开具的发票为一般纳税人增值税专票（13%税率）                                                                                                                                   3、本次采购最高限价为:7322864元。供应商所报总报价高于最高限价的为无效报价，我公司不予接受。同时在采购报价清单中公布最高全费用单价限价，供应商的全费用单价也不得超过最高全费用单价限价，否则，我公司将不予以接受"]
[{"$nulls":7},"  报价单位（公章）："]
[{"$nulls":7},"  法人或委托代理人及电话："]
[{"$nulls":7},"  时间：      年    月    日"]